|
|
|
|
| LEADER |
00866nam a2200181 i 4500 |
| 001 |
misc46035 |
| 005 |
20200717143851.0 |
| 008 |
200303s1734 hu o 0|| lat d |
| 040 |
|
|
|a SZTE Miscellanea Repozitórium
|b hun
|
| 041 |
|
|
|a lat
|
| 100 |
1 |
|
|a Felker Andreas
|
| 245 |
1 |
0 |
|a Arcana naturae et artis [...] honoribus Josephi L. B. Fischer [...] a neobaccalaureis condiscipulis dicata
|h [elektronikus dokumentum] /
|c Felker Andreas
|
| 260 |
|
|
|a typ. acad. per Joan. H. Frauenheim
|b [Kassa] Cassoviae
|c 1734
|
| 300 |
|
|
|a [12], 195, [9] p.
|c 12o
|
| 561 |
|
|
|a Muzeális dokumentumok
|
| 591 |
|
|
|a Inscriptus Cathalogo Librorum Conventus Leutschoviensis Ordinis Min. Conventualium. Ao 1773, Népkönyvtári Központtól DV (pecsét)
|
| 695 |
|
|
|a Ásványtan, botanika, orvostudomány, gyógyszerészet
|
| 856 |
4 |
0 |
|u http://misc.bibl.u-szeged.hu/46035/1/ra_6006.pdf
|z Dokumentum-elérés
|